| 000 | 00449 a2200157 4500 | ||
|---|---|---|---|
| 020 | _a8475254365 | ||
| 020 | _a9788475254364 | ||
| 041 | _aspa | ||
| 100 | 2 | 0 | _aRodrgĖuez Santerbas, Santiago. |
| 245 | 1 | 0 | _aRoman y yo / Santiago R. Santerbas ; ilustraciones: Jose Perez Montero. |
| 260 | _aMadrid : Anaya, 1987. | ||
| 300 |
_a10 pages : illustrations ; _c19 cm. |
||
| 440 | _aLuna de papel, 17. | ||
| 700 | 1 | 0 | _aPerez Montero, Jose. |
| 942 | _cBK | ||
| 999 |
_c11167 _d11167 |
||